[Event "MK Cafe Cup-A"]
[Site "Koszalin"]
[Date "1999.08.11"]
[Round "8"]
[White "Pedzich, Dominik"]
[Black "Teske, Henrik"]
[Result "1-0"]
[WhiteElo "2428"]
[BlackElo "2515"]
[Annotator "Gershon,A"]
[PlyCount "67"]
[EventDate "1999.08.03"]
[EventType "swiss"]
[EventRounds "9"]
[EventCountry "POL"]
[SourceTitle "CBM 073"]
[Source "ChessBase"]
[SourceDate "1999.12.01"]
[SourceVersion "1"]
[SourceVersionDate "1999.12.01"]
[SourceQuality "1"]

1. e4 c5 2. Nf3 Nc6 3. Bb5 e6 4. O-O Nge7 5. Re1 a6 6. Bxc6 Nxc6 7. d4 cxd4 8.
Nxd4 Qc7 (8... Be7 9. Nxc6 bxc6 (9... dxc6 10. Qxd8+ Bxd8 11. e5 Bc7 12. a4 b5
13. Nd2 f6 $2 14. exf6 gxf6 15. Ne4 Kf7 16. Ra3 $16 {[%csl Gc8] 1-0 Nikolenko,
O-Frolov,A/Berlin 1994/EXT 97 (33)}) 10. Qg4 Kf8 11. c4 (11. e5 c5 12. Nd2 Bb7
13. Nc4 h5 14. Qg3 h4 15. Qh3 Rb8 16. Bd2 Bd5 17. Ba5 Qe8 18. Ne3 Bc6 19. b3 f6
$15 {0-1 Wells,P-Escobar Torres,A/Linares 1996/CBM 51 ext (37)}) 11... c5 12.
Nc3 Bb7 13. Bf4 g5 14. Be3 h5 15. Qe2 Qc7 16. Qd2 Rg8 17. Rad1 Bc6 18. Nd5 Qe5
19. Nxe7 Kxe7 20. Qa5 Ke8 21. Bxc5 Qxb2 22. Ba3 Qf6 23. Rb1 $16 {1/2-1/2
Kveinys,A-Baumegger,S/Aaland-Stockholm 1997/EXT 98 (43)}) (8... d6 9. Nc3 (9.
Nxc6 bxc6 10. Qg4 h5 11. Qg3 h4 12. Qc3 c5 13. Nd2 h3 14. Nc4 hxg2 15. Bf4 e5
16. Bg3 Be6 17. Rad1 Qc7 18. Qd3 Rd8 19. Ne3 c4 20. Qa3 Be7 21. Qa4+ Kf8 22.
Qxa6 $16 {1-0 Voitsekhovsky,S-Kibalnichenko,S/Podolsk 1993/EXT 98 (30)}) 9...
Bd7 10. Nxc6 Bxc6 11. Qg4 h5 12. Qg3 h4 13. Qg4 h3 14. g3 Qa5 15. Bg5 Kd7 16.
Rad1 f6 17. Bf4 Qh5 18. Qxh5 Rxh5 19. Rd3 Rd8 20. g4 Rh7 21. f3 g5 22. Bg3 Ke8
23. a3 Rhd7 {1/2-1/2 Nikolenko,O-Cherniaev,A/Vladivostok 1995/CBM 46 ext (23)})
9. Nxc6 Qxc6 10. Nc3 b5 (10... Qc7 $2 11. Nd5 Qc6 12. Bf4 Bd6 13. Qd4 Kf8 14.
Nb4 Bxb4 15. Qxb4+ Ke8 16. a4 f6 17. Bd6 $16 {1/2-1/2 Ivkov,B-Polgar,S/Vienna
1993/TD (37)}) 11. a4 b4 (11... Bb7 12. axb5 axb5 13. Rxa8+ Bxa8 14. Nd5 Bd6
$11) 12. Nd5 Bb7 (12... Bd6 13. Qd4 $1 O-O (13... e5 {[%csl Gd5]} 14. Qd3 $16 {
Black forces are disorganized compared to the Sveshnikov variation, and
therefore, black does not have enough compensation for the big positional
weakness (d5)}) 14. Nxb4 Qc5 15. Qxc5 Bxc5 16. Nd3 $16) 13. Bf4 Kd8 $2 {
A strange decision by black. He could have played Rc8 here, getting the same
position as in the game only with the option to castle later on.} (13... Rc8
$142) 14. Bc7+ Ke8 (14... Kc8 15. Ba5 $1 {This is probably the move black
missed while playing 13...Kd8} Bc5 (15... exd5 16. exd5 $18 {[%csl Ge8]}) 16.
Nxb4 Bxf2+ 17. Kxf2 Qc5+ 18. Re3 Qxa5 19. Qd6 $16 {[%csl Gc8][%cal Ge3c3,Ga1d1]
}) 15. Bg3 Rc8 16. a5 $6 (16. c3 {White should exploit the fact that black
king is stuck in the center by opening up the position.} bxc3 17. Nxc3 $36 {
[%cal Gc1c8,Gc3d5]}) 16... Qxc2 (16... Bc5 17. Qd2 $16 {Had he played Rc8
immediately black could have castled now.} (17. Qg4 Kf8)) 17. Nb6 Qxd1 18.
Raxd1 Rc2 $2 (18... Rc6 19. Nxd7 (19. Rxd7 $4 Rxb6 20. Red1 Rb5 21. Rd8+ Ke7
22. Bh4+ g5 $19) 19... Be7 20. Nb6 Bc5 $11 (20... f6 21. Rd2 e5 22. Red1)) 19.
Rxd7 Bxe4 20. Bh4 $1 {Forcing the weakenning of the e6 square.} f6 {[%csl Ge6]}
21. h3 Rc6 (21... Bf5 22. g4 Rc6 23. gxf5 Rxb6 24. axb6 Kxd7 25. fxe6+ $18) 22.
Ra7 ({also possible was:} 22. Rxe4 Rxb6 23. Rxg7 Rc6 24. Rb7 $16 {[%csl Gf8,
Gh8]}) 22... Bc2 23. Rxa6 {[%cal Ga6a8]} g5 24. Bg3 Kf7 25. Ra7+ Kg6 26. Nd7 b3
(26... Be7 27. Nb8 {[%csl Gc6,Ge7]}) 27. Rb7 {[%cal Gd7b8,Ya5a8]} Ra6 28. Bc7 {
black is absolutely helpless} e5 (28... Bg7 29. Nc5 Rc6 30. Nxe6 $18) (28...
Be7 29. Nb8 Ra8 30. Rxe6 $18) 29. Rb6 (29. Nb8 $2 Ra8 30. a6 Bc5 $13) 29...
Rxb6 (29... Ra7 30. Rxf6+ Kg7 31. Bxe5 $18) 30. axb6 Bb4 31. Re3 Ba5 32. g4 $1
{[%csl Gf5][%cal Gc2f5] securing the position of the knight on d7} e4 (32...
Bd2 33. b7 Bxe3 34. fxe3) 33. Bd6 Rd8 34. b7 1-0

[Event "MK Cafe Cup-A"]
[Site "Koszalin"]
[Date "1999.08.08"]
[Round "6"]
[White "Hracek, Zbynek"]
[Black "Degraeve, Jean Marc"]
[Result "1-0"]
[WhiteElo "2629"]
[BlackElo "2542"]
[Annotator "Gershon,A"]
[PlyCount "89"]
[EventDate "1999.08.03"]
[EventType "swiss"]
[EventRounds "9"]
[EventCountry "POL"]
[SourceTitle "CBM 073"]
[Source "ChessBase"]
[SourceDate "1999.12.01"]
[SourceVersion "1"]
[SourceVersionDate "1999.12.01"]
[SourceQuality "1"]

1. e4 c5 2. Nf3 Nc6 3. Nc3 e5 4. Bc4 d6 5. d3 Be7 6. Nd2 Nf6 7. Nf1 Bg4 8. f3
Be6 (8... Bd7 9. Ne3 O-O 10. a3 Nd4 11. Ba2 Rc8 12. O-O Be6 13. Bd2 Qd7 14.
Ncd5 Bd8 15. Kh1 Nh5 16. c3 Nc6 17. b4 Ne7 18. Bb3 Kh8 19. Rb1 $16 {1-0 Wells,
P-Coleman,D/Torquay 1998/CBM 66 ext (29)}) 9. Ne3 a6 (9... O-O 10. O-O Ne8 (
10... a6 11. a3 b5 12. Ba2 Nd7 13. Ncd5 Bg5 14. g3 Bxe3+ 15. Bxe3 Nb6 16. Nxb6
Qxb6 17. Bxe6 fxe6 18. b4 Ne7 19. Qd2 Rac8 20. bxc5 dxc5 21. Qc3 Qd6 22. a4 c4
23. axb5 axb5 24. Ra5 $14 {1/2-1/2 Rotman,D-Sutovskij,E/Metz 1996/EXT 98 (35)})
11. Ncd5 (11. g3 Nc7 12. a3 a6 13. Ncd5 b5 14. Ba2 Rb8 15. c3 Re8 16. f4 exf4
17. gxf4 Bf8 18. Nxc7 Qxc7 19. b4 a5 20. f5 Bxa2 21. Rxa2 axb4 22. axb4 Kh8 23.
Nd5 $16 {1-0 Hector,J-Schandorff,L/Gentofte DEN 1999 (29)}) (11. f4 exf4 12.
Rxf4 Bg5 13. Rf1 Nc7 14. Ned5 Bxc1 15. Rxc1 Ne7 16. Nxc7 Qxc7 17. Qh5 Ng6 $14 {
1-0 Blehm,P-Gershon,A/Yerevan ARM 1999 (44)}) 11... Bg5 12. f4 (12. a3 Nc7 13.
Nxc7 Qxc7 14. Nd5 Bxd5 15. Bxd5 Bxc1 16. Qxc1 Ne7 17. Bc4 Ng6 18. g3 Kh8 19.
Qg5 b5 20. Bxb5 Qb7 21. a4 a6 22. Bc4 Qxb2 23. Qd2 Qb6 24. a5 $16 {1/2-1/2
Tseshkovsky,V-Sveshnikov,E/Elista 1994/CBM 44 (40)}) 12... exf4 13. Nxf4 Bxf4
14. Rxf4 Bxc4 15. Nxc4 d5 16. exd5 Qxd5 17. Qf3 Nc7 18. Qf2 Ne6 19. Rf5 Qd7 20.
Be3 b6 21. Qg3 Ncd4 $15 {0-1 Aagaard,J-Schandorff,L/Copenhagen DEN 1999 (41)})
10. a4 Nb4 11. Qe2 Qc7 $2 {This it not an appropriate place for the queen, it
can get under tempi later in the game (Nd5) while naturally this is the
perfect place for Nf6 from where he can both fight for the d5 square and
sometimes go to e6-d4.} (11... O-O 12. O-O Ne8 $14 {[%cal Ge7g5,Ge8c7]}) 12.
O-O O-O 13. f4 exf4 14. Rxf4 Bxc4 (14... Nd7 15. Ned5 Nxd5 16. Nxd5 Bxd5 17.
Bxd5 $16 {[%cal Ga2g8]} Bg5 $140 $2 18. Rxf7 Rxf7 19. Bxf7+ Kxf7 20. Bxg5 $18)
15. dxc4 Nc6 16. Nf5 Nd4 (16... Ne5 $142 {[%cal Gf8e8,Ge7f8,Gf6d7] black
should have tried to keep the knights on the board in order to exploit the
strong post on e5, but the position is far from pleasant of course.}) 17. Qf2
Nxf5 18. Rxf5 Nd7 19. Nd5 Qd8 20. b3 $16 {Black pieces are very poorly
organized, and he cannot save his dark squared bishop, after which the bishop
on b2 can be only blocked by Ne5, which will give white the opportunity to
transfer at practically any time into a favourable R's + Q endgame} Bf6 (20...
Ne5 21. Bb2 f6 {[%csl Ge7]} 22. Rf1 $16) 21. Nxf6+ Nxf6 22. Qf3 Nd7 (22... Qe7
23. Bg5 Qxe4 24. Bxf6 (24. Rxf6 $4 Qd4+ $19) 24... Qxf3 25. Rxf3 gxf6 26. Rxf6
Rae8 27. Rxd6 Re2 28. Rd7 $16) 23. Bb2 Qe7 24. Rd1 Ne5 (24... f6 25. Qd3 $18 {
[%csl Yd6][%cal Gd3d5,Yd5g8,Yd5b7]}) 25. Bxe5 $1 dxe5 26. Rd5 f6 27. Qd3 Rfd8
28. Rf1 Rxd5 $2 (28... Kf8 $142 29. Rd1 Ke8 30. Qh3 h6 31. a5 {[%cal Gh3e3]} (
31. Rxd8+ Rxd8 32. Rxd8+ Qxd8 33. Qe6+ Kf8 34. Qd5 Qa5 35. h3 Qe1+ 36. Kh2 Qf2
$11) 31... Rxd5 32. Rxd5 Rd8 33. Qh5+ (33. Rxd8+ Qxd8 34. Qe6+ Kf8 35. Qd5 Qxa5
$11) 33... Kf8 34. Qd1 Ke8 $14 {and there is no clear way for white to advance}
) 29. Qxd5+ Kf8 30. Rd1 Rc8 (30... h6 31. g4 Ke8 32. Qg8+ Qf8 33. Qxf8+ Kxf8
34. Rd7 b6 35. Kf2 $16 {[%cal Ga4a5,Gd7c7]}) 31. a5 Rc7 32. g4 g6 33. Rd3 Kg7
34. Kg2 {No hurry. Maximally improving the position before any further action}
Rc6 35. Qd7 Rc7 36. Qxe7+ Rxe7 37. h4 Kf7 38. Rd6 Rc7 (38... Re6 39. Rd5 Rc6
40. Rd7+ $18) 39. Kf3 Ke7 (39... h6 40. h5 $16 {[%csl Gh6]}) 40. Rb6 Kf7 41. g5
{[%csl Gh7]} fxg5 42. hxg5 Ke7 43. c3 Kf7 44. Ke3 Ke7 45. b4 (45. b4 cxb4 46.
cxb4 Rxc4 47. Rxb7+ Ke6 (47... Kd8 $4 48. b5 axb5 49. a6 Kc8 50. Rxh7 Ra4 (
50... Kb8 51. Rb7+ Ka8 52. Rxb5 $18) 51. a7 $18 {[%cal Ge3b3,Gb3b6]}) 48. Rxh7
Rxb4 49. Rg7 $18 {[%csl Gg6][%cal Gg7g6,Gg6a6]}) 1-0

[Event "North Sea Cup 16th"]
[Site "Esbjerg"]
[Date "2001.07.13"]
[Round "8"]
[White "Sutovsky, Emil"]
[Black "Nataf, Igor Alexandre"]
[Result "1-0"]
[WhiteElo "2651"]
[BlackElo "2527"]
[Annotator "Gershon,A"]
[PlyCount "57"]
[EventDate "2001.07.06"]
[EventType "tourn"]
[EventRounds "9"]
[EventCountry "DEN"]
[EventCategory "14"]
[SourceTitle "CBM 085"]
[Source "ChessBase"]
[SourceDate "2001.11.13"]
[SourceVersion "1"]
[SourceVersionDate "2001.11.13"]
[SourceQuality "1"]

1. e4 c5 2. Nf3 Nc6 3. Bb5 e6 4. O-O Nge7 5. Nc3 Nd4 6. Nxd4 cxd4 7. Ne2 a6 8.
Ba4 Nc6 (8... b5 9. Bb3 Nc6 10. d3 g6 11. Bf4 d6 12. Qd2 Bg7 13. Bg5 Qb6 14.
Bh6 O-O 15. Ng3 Na5 16. Bxg7 Kxg7 17. Nh5+ gxh5 18. Qg5+ Kh8 19. Qf6+ Kg8 {
1/2-1/2 Pavlovic,M-Yagupov,I/Biel SUI 2001/The Week in Chess 352 (19)}) 9. d3
Bc5 (9... g6 10. Bxc6 dxc6 11. Bd2 Bg7 12. c3 dxc3 13. Bxc3 e5 14. f4 Qe7 15.
fxe5 Bxe5 16. d4 Bg7 17. Qd2 Qxe4 18. Rae1 $36 {1-0 Aronian,L-Beshukov,S/
Hastings ENG 2000/The Week in Chess 321 (27). (27)}) (9... b5 10. Bb3 Bc5 (
10... Be7 $143 11. f4 O-O 12. f5 Na5 13. Nf4 Nxb3 14. axb3 exf5 15. exf5 Bb7
16. Nh5 f6 17. Qg4 $36 {1-0 Yudasin,L-Moiseenko,A/Krynica 1997/CBM 62 (57)})
11. Ng3 h5 12. Bd2 Bb7 13. h3 g6 14. a3 f5 15. exf5 gxf5 16. Re1 Qf6 17. Nxh5
Qh4 18. Ng7+ Kf8 19. Nxf5 exf5 20. Qf3 $44 {1/2-1/2 Sadvakasov,D-Perunovic,M/
Subotica YUG 2000/The Week in Chess 321 (28)}) 10. Bxc6 {A Novelty. White gets
rid of his poorly placed B .Now his idea is to play against black's light
squared B.} (10. f4 d5 11. Ng3 dxe4 12. Qh5 $5 $146 (12. Nxe4 {1/2-1/2,
Glek-Nunn, Germany 1996}) 12... Be7 13. dxe4 g6 14. Qf3 b5 15. Bb3 h5 16. Bd2
h4 (16... Bb7 $6 {0-1 Yudasin,L-Krasenkow,M/Vilnius 1997/EXT 98/[Krasenkow] 
(30)}) 17. Nh1 Bb7 $13) 10... dxc6 11. Ng3 h5 $6 {After this move black will
have serious problems with his K- He cannot castle K-side anymore, and before
he is ready to castle long white will be able to create dangerous initiative.}
(11... e5 $142 12. Qh5 Bd6 13. f4 g6 14. Qf3 $14) 12. e5 ({Of course not:} 12.
Nxh5 Qh4 13. Nxg7+ Kf8 $19) 12... Qd5 13. Re1 Bb4 14. Re4 g6 15. Ne2 $1 {
Forcing black's B to an ugly square} (15. Bg5 f5 $1 16. c4 Qd7 17. Rh4) (15. h4
Be7) 15... Bc5 (15... c5 $4 16. c3 dxc3 17. bxc3 Ba5 18. Qa4+ $18) 16. h4 (16.
Bg5 $143 f5 {Would allow black to cover his K's position}) 16... b5 17. Bg5 {
[%csl Re8][%cal Gg5d8]} Bb7 18. Ng3 {[%cal Gd1f3,Gf3f6,Ye4f4]} Be7 19. Bxe7
Kxe7 20. Qf3 $16 Rh7 (20... Rhf8 21. Qf6+ Kd7 22. Rf4 c5 23. Ne4 $16 {[%cal
Gf6g7,Ye4f6]}) 21. Qf6+ Kf8 22. Rf4 {[%cal Gf6g6]} c5 23. Ne4 Rg7 (23... Kg8 $2
24. Qg5 Kg7 25. Nf6 $18) 24. f3 {[%csl Rf7][%cal Ge4d6,Yf6g5,Ye4f6] closing
the /^. Now the N is free to move and the game is over.} Re8 (24... Bc6 25. Qg5
Qd8 26. Nxc5 {[%csl Rd4] is hopeless as well}) 25. Qg5 Qd8 26. Nf6 {[%cal
Gg5h6]} Rg8 27. Qh6+ Ke7 28. Nxg8+ Rxg8 29. Qg5+ (29. Qg5+ Ke8 30. Qxd8+ Kxd8
31. Rxf7 $18) 1-0

[Event "Biel GM"]
[Site "Biel"]
[Date "2001.07.30"]
[Round "7"]
[White "Svidler, Peter"]
[Black "Lautier, Joel"]
[Result "1/2-1/2"]
[WhiteElo "2695"]
[BlackElo "2675"]
[Annotator "Gershon,A"]
[PlyCount "50"]
[EventDate "2001.07.23"]
[EventType "tourn"]
[EventRounds "10"]
[EventCountry "SUI"]
[EventCategory "16"]
[SourceTitle "CBM 085"]
[Source "ChessBase"]
[SourceDate "2001.11.13"]
[SourceVersion "1"]
[SourceVersionDate "2001.11.13"]
[SourceQuality "1"]

1. e4 c5 2. Nf3 Nc6 3. Nc3 e5 4. Bc4 Be7 5. d3 d6 6. Nd2 Nf6 7. Nf1 Bg4 8. f3
Be6 9. Ne3 O-O (9... a6 10. a3 b5 11. Ba2 Bxa2 12. Rxa2 O-O 13. O-O Ne8 14.
Ncd5 Bg5 15. b4 Nc7 16. Nxc7 Qxc7 17. Nd5 Qd8 18. Bxg5 Qxg5 19. Qc1 Qd8 20. Qe3
Nd4 21. c3 Ne6 22. a4 $14 {1/2-1/2 Macieja,B-Jakubiec,A/Zakopane chT 2000/The
Week in Chess 310 (76)}) 10. O-O (10. a3 Ne8 11. O-O Nc7 12. Ned5 Bxd5 13. Nxd5
Nxd5 14. Bxd5 Bg5 15. c3 Bxc1 16. Qxc1 Qb6 17. f4 Ne7 18. Bc4 exf4 19. Qxf4 Kh8
20. Kh1 f6 21. Qd2 Rad8 22. Rae1 d5 23. exd5 Nxd5 24. Qf2 Qc7 25. Qf3 Ne7 26.
Qh5 Ng6 27. Re4 Ne5 $11 {1/2-1/2 David,A-Rogozenko,D/Neukoelln GER 2000/The
Week in Chess 284 (51)}) 10... Nd7 {Beside this black has tried many various
moves here:} (10... a6 11. a3 Nd7 (11... b5 12. Ba2 Ne8 13. Ned5 Bg5 14. f4
exf4 15. Bxf4 Bxf4 16. Rxf4 b4 17. axb4 cxb4 18. Ne2 Ne7 19. Ng3 Bxd5 20. Bxd5
Nxd5 21. exd5 a5 22. Qf3 $14 {[%csl Re8,Rf7] 1-0 Lutz,C-Krasenkow,M/Saint
Vincent ITA 2000/The Week in Chess 296 (44)}) 12. Ncd5 {Allows black echange
his bad B for a N, which is important in fighting for the 'd5' square.} (12.
Ned5 b5 13. Bb3 {[%cal Gf3f4]} b4 $140 (13... Nd4 14. Ba2 b4 15. axb4 cxb4 16.
Nxb4 Nxf3+ 17. Qxf3 Qb6+ 18. Be3 Qxb4 19. Nd5 Bxd5 20. Bxd5 $18 {[%csl Rf7]})
14. axb4 cxb4 15. Ba4 Rc8 (15... bxc3 16. Bxc6 cxb2 17. Bxb2 $14 {[%csl Ra6]})
16. Bxc6 Rxc6 17. Nxb4 $1 Qb6+ 18. d4 Qxb4 19. d5 Qb6+ 20. Kh1 Rcc8 21. Qe2 $14
) 12... Bg5 13. g3 Bxe3+ 14. Bxe3 Kh8 {[%cal Gf7f5,Ya2g8] Moving the king away
form the diagonal in case of a future f7-f5} 15. c3 Ne7 $11 {0-1 Sedlak,
N-Shariyazdanov,A/Subotica 2000/CBM 81_01/[Gershon] (42)}) (10... Ne8 11. Ned5
(11. Bd2 Bg5 12. g3 Bxe3+ 13. Bxe3 Nf6 14. Qd2 Nd4 15. Bxe6 fxe6 16. Kg2 Qe8 (
16... Qd7 17. Rf2 Rf7 18. Raf1 Raf8 19. Nd1 Nc6 20. c3 b6 21. d4 exd4 22. cxd4
e5 23. d5 {1/2-1/2 Blehm,P-Jakubiec,A/Warsaw POL 2001/The Week in Chess 346 
(23)}) 17. Rf2 Qg6 18. Raf1 Qe8 19. Nd1 Qd7 20. h3 Rf7 21. f4 exf4 22. Bxf4
Raf8 23. g4 d5 24. Be5 Nc6 25. Bxf6 Rxf6 26. Rxf6 Rxf6 27. Rxf6 gxf6 28. Nf2
Kg7 29. g5 $14 {1-0 Shirov,A-Sveshnikov,E/Tallinn EST 2000/The Week in Chess
273 (83)}) (11. f4 $5 exf4 12. Rxf4 Bg5 13. Rf1 Nc7 14. Ned5 Bxc1 15. Rxc1 Ne7
16. Nxc7 Qxc7 17. Qh5 Ng6 18. Rf2 Qb6 $6 19. Bb3 Ne5 20. Nd5 Bxd5 21. Bxd5 g6
22. Qg5 Qxb2 23. Rcf1 Qb6 24. h4 $40 {1-0 Blehm,P-Gershon,A/Yerevan 1999/CBM
72 ext (44)}) 11... Bg5 12. f4 exf4 13. Bxf4 Ne5 14. Qd2 Bxf4 15. Qxf4 Nc7 16.
Bb3 Nxd5 17. Bxd5 Ng6 18. Qg3 Qd7 19. Rf2 Ne7 20. Bb3 b5 21. Raf1 Rae8 22. Bxe6
fxe6 23. e5 $14 {1/2-1/2 Fressinet,L-Bekker Jensen,S/Brussels BEL 2000/The
Week in Chess 309 (41)}) (10... Rb8 11. a3 Nd4 (11... a6 12. Ncd5 b5 13. Ba2
Nd7 14. c3 Bg5 15. g3 Bxe3+ 16. Bxe3 Ne7 17. Bg5 Bxd5 18. Bxd5 h6 $11 {1/2-1/2
Arizmendi Martinez,J-San Segundo Carrillo,P/Barcelona ESP 2000/The Week in
Chess 301 (22)}) 12. Ba2 b5 13. Ncd5 Nxd5 14. Nxd5 Bg5 15. Bxg5 Qxg5 16. c3 Nc6
17. b4 (17. Qe1 Qd8 18. Ne3 Bxa2 19. Rxa2 Ne7 20. b4 Qb6 $11 {1/2-1/2 Almasi,
Z-San Segundo Carrillo,P/Ohrid MKD 2001/The Week in Chess 345 (25)}) 17... Qd8
18. f4 Ne7 19. Nxe7+ Qxe7 20. f5 Bxa2 21. Rxa2 f6 22. a4 d5 $5 23. Qb3 c4 24.
Qc2 d4 25. axb5 cxd3 26. Qxd3 dxc3 27. Qxc3 Rxb5 28. Qc4+ Qf7 $11 {1/2-1/2
Emms,J-San Segundo Carrillo,P/Mondariz ESP 2000/The Week in Chess 305 (36)})
11. g3 Nb6 12. f4 $146 (12. Ncd5 Nxc4 13. dxc4 g6 14. Bd2 f5 15. exf5 gxf5 16.
f4 Bf6 17. Qh5 Qd7 18. Nxf6+ Rxf6 19. fxe5 dxe5 20. Ng4 fxg4 21. Rxf6 Qxd2 22.
Rxe6 Qe3+ 23. Kh1 Qe4+ 24. Kg1 Qe3+ 25. Kh1 {1/2-1/2 Grischuk,A-Nedev,T/
Panormo GRE 2001/The Week in Chess 360 (25)}) 12... Nxc4 13. dxc4 exf4 14. gxf4
f5 $1 {Although black's response is typical it's not an easy decision: to give
up a pawn and then return your piece to its initial position.} 15. exf5 Bc8 ({
of course not:} 15... Bxf5 $4 16. Qd5+ Kh8 17. Nxf5 $18) 16. Ncd5 Nd4 {It
becomes clear now that black has solved all his problems!} 17. b3 Nxf5 18. Bb2
Nxe3 19. Nxe3 Bf6 20. Qd5+ Kh8 21. Bxf6 Rxf6 {One by one all the working
pieces are disappearing} 22. f5 Rb8 {[%cal Gc8d7,Gd7c6,Yb7b6,Yc8b7]} 23. Rf4 b6
24. Raf1 (24. Qf3 $143 {[%cal Ge3d5]} Bb7 25. Nd5 Bxd5 26. Qxd5 Qe7 $15 {
[%csl Rg1]}) 24... Bb7 25. Qd3 Rf7 $11 1/2-1/2